[Event "CHN-chT (Women)"]
[Site "Liaocheng"]
[Date "2021.10.26"]
[Round "7.1"]
[White "Ni, Shiqun"]
[Black "Hu, Yu A"]
[Result "1/2-1/2"]
[WhiteElo "2389"]
[BlackElo "2094"]
[PlyCount "76"]
[EventDate "2021.10.20"]
[EventType "team-tourn"]
[EventRounds "9"]
[EventCountry "CHN"]
[SourceTitle "CBM 204 Extra"]
[Source "ChessBase"]
[SourceDate "2021.11.30"]
[SourceVersion "1"]
[SourceVersionDate "2021.11.30"]
[SourceQuality "1"]
[WhiteTeam "Shanghai (W)"]
[BlackTeam "Heilongjiang (W)"]
[WhiteTeamCountry "CHN"]
[BlackTeamCountry "CHN"]

1. e4 c5 2. Nf3 d6 3. Bb5+ Bd7 4. c4 Nf6 5. Nc3 g6 6. d4 cxd4 7. Nxd4 Bg7 8. Be3 0-0 9. h3 a6 10. Bxd7 Qxd7 11. 0-0 Nc6 12. Rc1 Rac8 13. b3 Nxd4 14. Bxd4 b5 15. cxb5 axb5 16. Qd3 Ra8 17. b4 Ra3 18. Qe2 Rfa8 19. e5 Nh5 20. Qxb5 Qxb5 21. Nxb5 Rxa2 22. exd6 Bxd4 23. Nxd4 exd6 24. Rb1 Nf4 25. Rfd1 Re8 26. Kf1 Nd5 27. Rb3 Nb6 28. Re1 Rc8 29. g3 Rd2 30. Nf3 Ra2 31. Ng5 Nc4 32. Kg2 Ne5 33. Ne4 Rcc2 34. Rf1 Nc4 35. b5 f5 36. b6 Nxb6 37. Nf6+ Kf7 38. Rxb6 Kxf6 1/2-1/2

[Event "CHN-chT (Women)"]
[Site "Liaocheng"]
[Date "2021.10.20"]
[Round "1.1"]
[White "Xiao, Yiyi"]
[Black "Hu, Yu A"]
[Result "1-0"]
[WhiteElo "2315"]
[BlackElo "2094"]
[PlyCount "101"]
[EventDate "2021.10.20"]
[EventType "team-tourn"]
[EventRounds "9"]
[EventCountry "CHN"]
[SourceTitle "CBM 204 Extra"]
[Source "ChessBase"]
[SourceDate "2021.11.30"]
[SourceVersion "1"]
[SourceVersionDate "2021.11.30"]
[SourceQuality "1"]
[WhiteTeam "Tianjin (W)"]
[BlackTeam "Heilongjiang (W)"]
[WhiteTeamCountry "CHN"]
[BlackTeamCountry "CHN"]

1. d4 Nf6 2. Bg5 d5 3. e3 g6 4. Nf3 Bg7 5. Nbd2 0-0 6. Bd3 c5 7. c3 Qb6 8. Rb1 Nc6 9. 0-0 Re8 10. b4 cxb4 11. cxb4 a5 12. Qa4 Ra7 13. b5 Nb4 14. Be2 Ne4 15. Nxe4 dxe4 16. Nd2 Be6 17. a3 Nd5 18. Rfc1 f5 19. Rc5 Qxc5 20. dxc5 Nc3 21. Qc2 Nxe2+ 22. Kh1 Nc3 23. Re1 a4 24. f3 Bd5 25. fxe4 fxe4 26. Bh6 Be5 27. Rf1 Raa8 28. Qb2 Ra5 29. Nb1 Rxb5 30. Qc2 Rxc5 31. Nxc3 Rxc3 32. Qxa4 Bc6 33. Qb4 Bf6 34. g4 Rd3 35. a4 Rd6 36. a5 Red8 37. Qc4+ Bd5 38. Qc7 R8d7 39. Qc5 Rd8 40. Qb4 Rc8 41. Rf2 Rcd8 42. Kg2 Rc8 43. Qb5 Rcd8 44. Kg3 Bc6 45. Qc5 Rd5 46. Qc4 Kh8 47. h4 Be5+ 48. Kg2 Bf6 49. g5 Be5 50. a6 Bb5 51. Qxd5 1-0